000 00926nam a2200241 a 4500
001 BRCA_823
005 20190320203150.0
008 951212s1983----mx-a######---f000-0#spa-#
041 _aspa
044 _amx
050 4 _aBV3797
_b.C38 1983
245 1 0 _aUn catecismo del siglo XVI
_cCarlos Martínez Marín.
250 _a2
260 _aMéxico
_bZita Basich
_c1983
300 _a1 v. (sin paginación)
_bil. a color
_c18 cm.
500 _aEste catecismo testeriano que hoy se publica, forma parte de la Colección del Museo de Antropología de México, en cuyo catálogo figura con el número 35-53. Está incompleto porque le faltan las primeras páginas
500 _aTexto pictográfico
650 1 4 _aCatecismo
_xHistoria
_zMéxico
_92740
650 1 4 _aEvangelización
_yÉpoca colonial 1521-1821
_zMéxico
_92741
700 1 _aMartínez Marín, Carlos
_9784
700 1 _aBasich de Canessi, Zita
_92742
942 _2lcc
_cB
999 _c718
_d718